Corporate Family Responsability e Work-Life Balance (Record n. 210322)
[ formato base ]
| 000 -LEADER | |
|---|---|
| fixed length control field | 01778nam a2200205Ia 4500 |
| 001 - CONTROL NUMBER | |
| control field | b6698-47828 |
| 003 - CONTROL NUMBER IDENTIFIER | |
| control field | IT-MiCISF |
| 008 - FIXED-LENGTH DATA ELEMENTS--GENERAL INFORMATION | |
| fixed length control field | 161014s9999||||xx |||||||||||||| ||und|| |
| 040 ## - CATALOGING SOURCE | |
| Original cataloging agency | IT-MiCISF |
| Transcribing agency | IT-MiCISF |
| 041 ## - LANGUAGE CODE | |
| Language code of text/sound track or separate title | it |
| 999 ## - SYSTEM CONTROL NUMBERS (KOHA) | |
| Koha Dewey Subclass [OBSOLETE] | si |
| 100 ## - MAIN ENTRY--PERSONAL NAME | |
| Personal name | Faldetta Guglielmo |
| 245 #0 - TITLE STATEMENT | |
| Title | Corporate Family Responsability e Work-Life Balance |
| 250 ## - EDITION STATEMENT | |
| Edition statement | 1a ed. |
| 260 ## - PUBLICATION, DISTRIBUTION, ETC. (IMPRINT) | |
| Place of publication, distribution, etc. | Milano |
| Name of publisher, distributor, etc. | Franco Angeli |
| Date of publication, distribution, etc. | 2008 |
| 300 ## - PHYSICAL DESCRIPTION | |
| Extent | pp. 110 |
| 500 ## - GENERAL NOTE | |
| General note | presentazione di Fumagalli L.; introduzione di Sorci C.; Postfazione di Donati P. / politica-familiare, previdenze-per-famiglia, lavoro, famiglia, comparazione, servizi-infanzia / Da numerosi studi svolti negli ultimi anni emerge chiaramente la necessità di analizzare, progettare ed implementare efficaci politiche di work-life balance. Tantissimi lavoratori, infatti, si preoccupano sempre di più di conciliare il lavoro con le proprie responsabilità familiari, nell'ambito della più ampia ricerca del significato che per loro riveste, in termini profondi, la propria attività lavorativa. Il tema affrontato in questo lavoro è allora quello della responsabilità che le aziende hanno nei confronti dei propri dipendenti e, in particolare, delle politiche di conciliazione tra esigenze legate alle attività di lavoro e responsabilità legate alla vita privata e familiare. Il volume, di matrice prevalentemente organizzativa, ha carattere propedeutico, in quanto mira a ricostruire una sorta di "stato dell'arte" che possa costituire una valida base per tutti quegli studiosi che, a vario titolo e con varie finalità, potranno in futuro essere interessati a svolgere ricerche di carattere maggiormente analitico ed empirico. |
| 650 ## - SUBJECT ADDED ENTRY--TOPICAL TERM | |
| Topical term or geographic name as entry element | Famiglia nella società / politica-familiare |
| Relator term | 006 |
| 942 ## - ADDED ENTRY ELEMENTS (KOHA) | |
| Koha item type | LIBRO |
| 957 ## - | |
| -- | 1 |
| 999 ## - SYSTEM CONTROL NUMBERS (KOHA) | |
| -- | 1 |
| Withdrawn status | Lost status | Damaged status | Not for loan | Home library | Current library | Date acquired | Total Checkouts | Full call number | Date last seen | Price effective from | Koha item type | Public note |
|---|---|---|---|---|---|---|---|---|---|---|---|---|
| Buone Condizioni | Not For Loan | CISF - Milano | CISF - Milano | 14/10/2016 | b6698-47828 | 14/10/2016 | 14/10/2016 | LIBRO | Data import 15.10.2016 / by Epidotti, Vaglietti |